| 000 | 00927cam a2200265 4500 | ||
|---|---|---|---|
| 008 | 090401t1998 xxu||||| |||| 00| 0 eng d | ||
| 020 | _a0582285348 | ||
| 035 | _a(Sirsi) u85679 | ||
| 041 | _aeng | ||
| 050 | _a711.52 | ||
| 245 | _aIntroducing urban design : interventions and responses. | ||
| 260 |
_aHarlow, Essex _bAddison Wesley Longman _c1998 |
||
| 300 | _aviii,250p. : ill. ; 25cm. | ||
| 350 | _a19.99 | ||
| 490 | _aExploring Town Planning | ||
| 520 | _aAimed at students, this collection of papers explores current issues and approaches in urban design. Includes chapters on conservation in the built environment, landscaping, regeneration and crime prevention. | ||
| 650 | _aTOWN PLANNING | ||
| 650 | _aURBAN DESIGN | ||
| 650 | _aURBAN ENVIRONMENT | ||
| 690 | _aPLANNING LAW AND PRACTICE | ||
| 700 |
_aGreed, Clara _xEditor |
||
| 700 |
_aRoberts, Marion _xEditor |
||
| 942 | _n0 | ||
| 948 | _c17/04/1998 | ||
| 999 |
_c97062 _d97062 |
||